[Event "PNWCC Masters WOO 2020"]
[Site "chess.com INT"]
[Date "2020.07.05"]
[Round "4.11"]
[White "Predojevic, Borki"]
[Black "Sarkar, Justin"]
[Result "1-0"]
[WhiteTitle "GM"]
[BlackTitle "IM"]
[WhiteElo "2601"]
[BlackElo "2380"]
[WhiteFideId "930849"]
[BlackFideId "2010011"]
[EventDate "2020.07.04"]

1. Nf3 b6 2. g3 Bb7 3. Bg2 g6 4. c4 Bg7 5. d4 e6 6. O-O d5 7. cxd5 exd5 8. Nc3
Ne7 9. Bf4 O-O 10. Rc1 a5 11. Qb3 Nd7 12. Rfd1 c6 13. e4 dxe4 14. Nxe4 Nf6 15.
Nxf6+ Bxf6 16. Ne5 Bxe5 17. dxe5 Nd5 18. h4 a4 19. Qc4 Qc8 20. Bh6 Re8 21. Bxd5
cxd5 22. Qf4 Qe6 23. Rc7 Re7 24. Rdc1 d4 25. Rxe7 Qxe7 26. Rc7 1-0

[Event "PNWCC Masters WOO 2020"]
[Site "chess.com INT"]
[Date "2020.07.05"]
[Round "4.12"]
[White "Demchenko, Anton"]
[Black "Kumar, Nikhil"]
[Result "1/2-1/2"]
[WhiteTitle "GM"]
[BlackTitle "FM"]
[WhiteElo "2641"]
[BlackElo "2328"]
[WhiteFideId "4160258"]
[BlackFideId "30909040"]
[EventDate "2020.07.04"]

1. e4 e5 2. Nf3 Nc6 3. Bc4 Nf6 4. d3 Be7 5. O-O O-O 6. Re1 d6 7. a4 Be6 8. Bxe6
fxe6 9. c3 Nh5 10. b4 Qe8 11. Be3 a5 12. b5 Nb8 13. d4 exd4 14. Nxd4 Rf6 15. Bg5
Rg6 16. Bxe7 Nf4 17. Bh4 Nxg2 18. Bg3 Nxe1 19. Qxe1 Nd7 20. Nd2 Qf7 21. Kh1 Rf8
22. Qe2 Rf6 23. Rg1 Kh8 24. f3 Qh5 25. f4 Qxe2 26. Nxe2 Nc5 27. Ra1 Nd3 28. e5
dxe5 29. fxe5 Rh6 30. Nd4 b6 31. Ne4 Rg6 32. Ra2 Nxe5 33. Nf2 Nf3 34. Re2 Nxd4
35. cxd4 h6 36. Kg2 Rd8 37. Re4 e5 38. dxe5 c6 39. bxc6 Rxc6 40. Ng4 Re6 41. Kf3
Rb8 42. Ne3 b5 43. axb5 Rxb5 44. Ra4 g5 45. Nc2 h5 46. Nd4 Rexe5 47. Nxb5 Rxb5
48. Bc7 Rc5 49. Bxa5 Rc2 50. Kg3 Kh7 51. Be1 Kg6 52. Bf2 Kf5 53. Ra5+ Kg6 54.
Be3 h4+ 55. Kg4 Rxh2 56. Ra6+ Kg7 57. Bxg5 h3 58. Bf4 Rh1 59. Bg3 Kh7 60. Ra2
Kg6 61. Bh2 Rb1 62. Kxh3 Kg5 63. Ra5+ Kf6 64. Kg4 Rb4+ 65. Bf4 Rc4 66. Ra6+ Ke7
67. Kf5 Kd7 68. Be5 Rc1 69. Ra7+ Kc6 70. Ke6 Kb5 71. Bd4 Rh1 72. Kd5 Rh5+ 73.
Be5 Kb4 74. Rb7+ Ka4 75. Rb1 Ka3 76. Re1 Kb3 77. Kc5 Kc2 78. Kc4 Rh4+ 79. Bd4
Rg4 80. Re2+ Kd1 81. Rh2 Ke1 82. Kd3 Rg3+ 83. Be3 Rf3 84. Rg2 Rf5 85. Ra2 Kf1
86. Ke4 Rh5 87. Rf2+ Ke1 88. Rg2 Kf1 89. Ra2 Rh4+ 90. Bf4 Ke1 91. Rb2 Rh8 92.
Kf3 Rh3+ 93. Ke4 Rh8 94. Be5 Rh4+ 95. Kf3 Rh3+ 96. Bg3+ Kd1 97. Kf4 Rh8 98. Ke4
Rh7 99. Bf4 Rh8 100. Rd2+ Ke1 101. Rc2 Rh7 102. Rc5 Rh8 103. Kf3 Rh3+ 104. Ke4
Rh8 105. Be5 Rh4+ 106. Kd5 Ke2 107. Rc3 Rh5 108. Ke4 Rh4+ 109. Bf4 Rh8 110. Rc2+
Kd1 111. Rg2 Rh7 112. Be5 1/2-1/2

[Event "PNWCC Masters WOO 2020"]
[Site "chess.com INT"]
[Date "2020.07.05"]
[Round "4.13"]
[White "Shlyakhtenko, Robert"]
[Black "Bernadskiy, Vitaliy"]
[Result "1/2-1/2"]
[WhiteTitle "FM"]
[BlackTitle "GM"]
[WhiteElo "2343"]
[BlackElo "2629"]
[WhiteFideId "30936934"]
[BlackFideId "14100371"]
[EventDate "2020.07.04"]

1. d4 Nf6 2. c4 g6 3. Nc3 Bg7 4. e4 d6 5. Nge2 Nbd7 6. f3 c6 7. Be3 e5 8. d5
cxd5 9. cxd5 O-O 10. Qd2 a6 11. Nc1 Nh5 12. Nb3 f5 13. exf5 gxf5 14. O-O-O b5
15. Kb1 Bb7 16. Bd3 Nf4 17. Bxf4 exf4 18. Qxf4 Qf6 19. Rhe1 Nb6 20. Re6 Nxd5 21.
Rxf6 Nxf4 22. Rxf5 Nxg2 23. Na5 Bxf3 24. Rxf3 Rxf3 25. Be4 Raf8 26. Bd5+ R8f7
27. a4 bxa4 28. Nxa4 Be5 29. Nc4 Bxh2 30. Rd2 Rf1+ 31. Ka2 Rg1 32. Rf2 Bf4 33.
Nxd6 Bxd6 34. Rxf7 Kh8 35. Rd7 1/2-1/2

[Event "PNWCC Masters WOO 2020"]
[Site "chess.com INT"]
[Date "2020.07.05"]
[Round "4.14"]
[White "Tabatabaei, M.amin"]
[Black "Liang, Jason"]
[Result "1-0"]
[WhiteTitle "GM"]
[BlackTitle "FM"]
[WhiteElo "2629"]
[BlackElo "2340"]
[WhiteFideId "12521213"]
[BlackFideId "30940303"]
[EventDate "2020.07.04"]

1. c4 e6 2. Nc3 d5 3. d4 Nf6 4. cxd5 exd5 5. Bg5 c6 6. e3 Bd6 7. Bd3 O-O 8. Qc2
h6 9. Bh4 Re8 10. Nge2 a5 11. h3 Na6 12. a3 Nc7 13. O-O Ne6 14. f3 Ng5 15. e4
Nfxe4 16. fxe4 Nxh3+ 17. gxh3 Qxh4 18. Rf2 Bxh3 19. e5 Rxe5 20. dxe5 Bc5 21. Ne4
Bxf2+ 22. Nxf2 Qg5+ 23. Ng4 Qxg4+ 24. Kf2 Qg2+ 25. Ke3 Re8 26. Kd2 Rxe5 27. Qc5
Qg5+ 28. Kc2 Bf5 29. Qf2 Qg4 30. Kd2 Bxd3 31. Kxd3 c5 32. Rf1 Qc4+ 33. Kd2 d4
34. Nc1 Re7 35. Qf5 Qb5 36. Nd3 b6 37. Rg1 Qc6 38. Nf4 Qd6 39. Kc1 Qe5 40. Nd5
Re6 41. Qxe5 Rxe5 42. Nxb6 h5 43. Nc4 Rf5 44. Nxa5 h4 45. a4 Kh7 46. Nc4 Kh6 47.
a5 Rf6 48. Ne5 Ra6 49. Nxf7+ Kh7 50. Rg4 Rxa5 51. Rxh4+ Kg6 52. Nd6 Kg5 53. Rh7
g6 54. Kc2 Kf4 55. Rf7+ Kg4 56. Nc4 Rb5 57. Ne5+ Kg5 58. Rc7 Kf5 59. Nd3 g5 60.
Nxc5 g4 61. Nd3 Ke4 62. Re7+ Kf3 63. Rf7+ Kg3 64. Rd7 Kh2 65. Rxd4 g3 66. Rh4+
Kg1 67. Rg4 Kh2 68. Rh4+ Kg1 69. b4 g2 70. Ne1 Kf1 71. Nxg2 Kxg2 72. Kc3 Kf3 73.
Kc4 Rb6 74. b5 Rf6 75. Kc5 Rf5+ 76. Kc6 Rf6+ 77. Kb7 Rf7+ 78. Ka6 Kg3 79. Rc4
Kf3 80. b6 Rf6 81. Ka7 Rf7+ 82. b7 Ke3 83. Ka8 Kd3 84. Rc8 Rf1 85. b8=Q Ra1+ 86.
Qa7 Rxa7+ 87. Kxa7 Kd4 88. Kb6 Kd5 89. Rc5+ Kd6 90. Kb5 Kd7 91. Kc4 Kd6 92. Kd4
Ke6 93. Rd5 Kf6 94. Ke4 Ke6 95. Rd4 Ke7 96. Ke5 Kf7 97. Kf5 Ke7 98. Rd5 Kf7 99.
Rd7+ Ke8 100. Ke6 Kf8 101. Kf6 Kg8 102. Rf7 Kh8 103. Kg6 Kg8 104. Rf6 Kh8 105.
Rf8# 1-0

[Event "PNWCC Masters WOO 2020"]
[Site "chess.com INT"]
[Date "2020.07.05"]
[Round "4.15"]
[White "Morefield, Jason"]
[Black "Indjic, Aleksandar"]
[Result "0-1"]
[WhiteTitle "FM"]
[BlackTitle "GM"]
[WhiteElo "2227"]
[BlackElo "2618"]
[WhiteFideId "30920825"]
[BlackFideId "911925"]
[EventDate "2020.07.04"]

1. d4 Nf6 2. c4 d6 3. Nc3 Nbd7 4. e4 e5 5. d5 c6 6. Bd3 a6 7. Nge2 cxd5 8. cxd5
b5 9. O-O h5 10. h3 Be7 11. Be3 Bb7 12. b4 O-O 13. a4 bxa4 14. Rxa4 a5 15. bxa5
Rxa5 16. Qb3 Rxa4 17. Nxa4 Qa8 18. Nb6 Nxb6 19. Qxb6 Bc8 20. Rb1 Bd7 21. Qb7 Rd8
22. Nc3 Qa3 23. Rb3 Qa1+ 24. Kh2 Kf8 25. Qb4 Ra8 26. Bb5 Rb8 27. Qc4 Rc8 28. Bc6
Qa8 29. Rb6 Be8 30. Ra6 Qb7 31. Rb6 Qa8 32. Qb4 Qa1 33. Nb5 Kg8 34. Rb7 Bf8 35.
Na7 Ra8 36. Bxe8 Rxe8 37. Nc6 Ra8 38. Rb8 Nd7 39. Rb7 Qf1 40. Na7 Nc5 41. Bxc5
dxc5 42. Qb2 c4 43. Qb6 c3 44. Rxf7 c2 45. Qe6 c1=Q 46. Rf5+ Kh8 47. Rxh5+ Qh6
48. Rxh6+ gxh6 49. Qxe5+ Bg7 50. Qf4 Rf8 51. Qg4 Be5+ 0-1

[Event "PNWCC Masters WOO 2020"]
[Site "chess.com INT"]
[Date "2020.07.05"]
[Round "4.16"]
[White "Eswaran, Ashritha"]
[Black "Shabalov, Alexander"]
[Result "1/2-1/2"]
[WhiteTitle "WIM"]
[BlackTitle "GM"]
[WhiteElo "2244"]
[BlackElo "2528"]
[WhiteFideId "2080788"]
[BlackFideId "2008572"]
[EventDate "2020.07.04"]

1. e4 c5 2. Nf3 d6 3. d4 cxd4 4. Nxd4 Nf6 5. Nc3 g6 6. Be3 a6 7. Be2 h5 8. f3 b5
9. O-O Bg7 10. a4 b4 11. Na2 a5 12. c3 bxc3 13. Nxc3 O-O 14. Qd2 Bb7 15. Rab1
Na6 16. Rfd1 Nb4 17. Bf1 Kh7 18. Qf2 Qb8 19. Qg3 Ba6 20. Ndb5 Nc2 21. Bf4 Qb6+
22. Qf2 Qxf2+ 23. Kxf2 Rfc8 24. Bg5 Bb7 25. Rbc1 Nb4 26. b3 Kg8 27. Bc4 Kf8 28.
Be3 Nd7 29. Kg1 Nc5 30. Nd5 Bxd5 31. exd5 Bb2 32. Rb1 Bf6 33. Rbc1 Kg7 34. Bd4
Nd7 35. f4 Bxd4+ 36. Rxd4 Nb6 37. Rcd1 Rc5 38. R1d2 Rac8 39. Na7 Rh8 40. h4 Ra8
41. Nb5 Rac8 42. Na7 R8c7 1/2-1/2

[Event "PNWCC Masters WOO 2020"]
[Site "chess.com INT"]
[Date "2020.07.05"]
[Round "4.17"]
[White "Wang, Alex Yuxuan"]
[Black "Shyam, Sundar M."]
[Result "0-1"]
[BlackTitle "GM"]
[WhiteElo "1983"]
[BlackElo "2518"]
[WhiteFideId "30943876"]
[BlackFideId "5019141"]
[EventDate "2020.07.04"]

1. d4 Nf6 2. Nf3 c5 3. g3 cxd4 4. Nxd4 d5 5. Bg2 e5 6. Nb3 Nc6 7. O-O Be7 8. Nc3
d4 9. Na4 O-O 10. c3 Bg4 11. Bg5 h6 12. Bxf6 Bxf6 13. cxd4 exd4 14. Nac5 Qe7 15.
Re1 Rad8 16. Nd3 Rfe8 17. Qd2 Bg5 18. f4 Bf6 19. h3 Bf5 20. Rac1 Be4 21. Nbc5
Bxg2 22. Kxg2 b6 23. Nb3 Qe4+ 24. Kh2 Ne7 25. Nf2 Qd5 26. e4 dxe3 27. Qxe3 Nf5
28. Qxe8+ Rxe8 29. Rxe8+ Kh7 30. Ne4 Bxb2 31. Rc2 Ba3 32. Rd2 Qc6 33. Re5 Bb4
34. Rxf5 Qxe4 35. Re5 Qc4 36. Rde2 a5 37. R5e4 Qd3 38. R4e3 Qd1 39. Re4 f5 40.
Re5 a4 0-1

[Event "PNWCC Masters WOO 2020"]
[Site "chess.com INT"]
[Date "2020.07.05"]
[Round "4.19"]
[White "Nguyen, Thanh Thuy Tien"]
[Black "Brodsky, David"]
[Result "1/2-1/2"]
[WhiteTitle "WIM"]
[BlackTitle "IM"]
[WhiteElo "1971"]
[BlackElo "2455"]
[WhiteFideId "12400998"]
[BlackFideId "2073250"]
[EventDate "2020.07.04"]

1. Nf3 Nf6 2. c4 b6 3. Nc3 Bb7 4. Qc2 c5 5. e4 g6 6. d4 cxd4 7. Nxd4 Bg7 8. Qd3
d6 9. f3 Nbd7 10. Be3 O-O 11. Be2 Rc8 12. b3 e6 13. Rd1 Qe7 14. Ndb5 d5 15. cxd5
exd5 16. exd5 Rfe8 17. Bd4 Nxd5 18. Nxd5 Bxd5 19. Bxg7 Kxg7 20. O-O Qxe2 21.
Qd4+ Nf6 22. Nc3 Qe3+ 23. Qxe3 Rxe3 24. Nxd5 Nxd5 25. Rxd5 Rc2 26. h4 Rxa2 27.
Rb1 Ree2 28. Rg5 Reb2 29. Rxb2 Rxb2 30. Rb5 Kf6 31. g4 Ke6 32. h5 gxh5 33. gxh5
Rd2 34. Rb4 Rd5 35. h6 Kf6 36. Rc4 Rd3 37. Rf4+ Kg6 38. b4 Rd7 39. b5 Kxh6 40.
Kf2 Kg5 41. Rg4+ Kf5 42. Rh4 f6 43. Ke3 Ke5 44. Re4+ Kd6 45. Rd4+ Kc7 46. Rf4
Rd6 47. Rh4 Rd5 48. Rxh7+ Kd6 49. Rxa7 Rxb5 50. f4 Ke6 51. Rc7 Kf5 52. Rc6 Rb3+
53. Ke2 Rb4 54. Ke3 Rb3+ 55. Ke2 b5 56. Rb6 b4 57. Kd2 Rb1 58. Kc2 Rf1 59. Rxb4
Rxf4 60. Rb8 Rd4 61. Kc3 Rd1 62. Kc2 Rd5 63. Rb1 Kg6 64. Rg1+ Kf5 65. Rf1+ Ke5
66. Re1+ Kd6 67. Kc3 f5 68. Re2 Re5 69. Rf2 Rd5 70. Re2 Re5 71. Rf2 Ke6 72. Kd4
Re1 73. Rf3 Kf6 74. Kd3 Kg5 75. Kd2 Re8 76. Rf1 f4 77. Re1 Rh8 78. Rg1+ Kf5 79.
Ke2 Ke4 80. Rg7 Rh2+ 81. Kf1 Ke3 82. Ra7 Rh1+ 83. Kg2 Rd1 84. Ra3+ Ke4 85. Ra4+
Kf5 86. Kf3 Rd3+ 87. Ke2 Rh3 88. Ra8 Kg4 89. Rg8+ Kf5 90. Rf8+ Ke4 91. Re8+ Kd4
92. Rd8+ Ke4 93. Re8+ Kf5 94. Rf8+ Ke4 95. Re8+ 1/2-1/2

[Event "PNWCC Masters WOO 2020"]
[Site "chess.com INT"]
[Date "2020.07.05"]
[Round "4.20"]
[White "Flom, Gabriel"]
[Black "Pan, Kevin"]
[Result "1-0"]
[WhiteTitle "GM"]
[WhiteElo "2514"]
[BlackElo "2106"]
[WhiteFideId "621650"]
[BlackFideId "30915708"]
[EventDate "2020.07.04"]

1. d4 d5 2. Nf3 Nf6 3. c4 e6 4. Nc3 c6 5. Bg5 Be7 6. e3 Nbd7 7. Qc2 h6 8. Bf4
O-O 9. h3 b6 10. cxd5 cxd5 11. Bd3 Bb7 12. O-O Rc8 13. Qb3 Ne4 14. Rfc1 Ndf6 15.
Ne2 Bd6 16. Rxc8 Qxc8 17. Rc1 Qb8 18. Ne5 Rc8 19. f3 Rxc1+ 20. Nxc1 Nc5 21. Qc2
Nxd3 22. Ncxd3 Qc7 23. Qa4 a6 24. Ng4 Nd7 25. Bxd6 Qxd6 26. Nge5 Nf6 27. g4 Kf8
28. h4 Ke7 29. g5 hxg5 30. hxg5 Nd7 31. Kg2 Nxe5 32. dxe5 Qc6 33. Qxc6 Bxc6 34.
Kg3 Bb5 35. Nb4 f5 36. gxf6+ gxf6 37. Kf4 f5 38. Kg5 Kf7 39. Nc2 a5 40. Nd4 Bd7
41. Kh6 Be8 42. Kh7 Bd7 43. f4 Be8 44. Nf3 b5 45. Ng5+ Ke7 46. a3 Bh5 47. Kg7
Be8 48. b4 axb4 49. axb4 Bh5 50. Nh7 Be8 51. Nf8 Bc6 52. Ng6+ Ke8 53. Kf6 d4 54.
exd4 Bd5 55. Ne7 Bc4 56. d5 exd5 57. Nxf5 1-0

[Event "PNWCC Masters WOO 2020"]
[Site "chess.com INT"]
[Date "2020.07.05"]
[Round "4.21"]
[White "Murzin, Volodar"]
[Black "Wen, Tommy"]
[Result "1-0"]
[WhiteTitle "IM"]
[WhiteElo "2465"]
[BlackElo "2014"]
[WhiteFideId "44155573"]
[BlackFideId "30952255"]
[EventDate "2020.07.04"]

1. e4 c5 2. Nf3 e6 3. g3 Nc6 4. Bg2 Nf6 5. Qe2 e5 6. O-O d6 7. d3 g6 8. Na3 Bg7
9. Nc4 b5 10. Ne3 O-O 11. a4 Nd4 12. Qd1 Bd7 13. axb5 Bxb5 14. c3 Ne6 15. Qc2
Qb6 16. Nd2 Bc6 17. Ndc4 Qc7 18. f4 exf4 19. gxf4 Rad8 20. f5 gxf5 21. exf5 Ng5
22. h4 h6 23. hxg5 hxg5 24. Bxc6 Qxc6 25. Qg2 Qxg2+ 26. Nxg2 d5 27. Na5 Nh7 28.
Nc6 Rc8 29. Ne7+ Kh8 30. Nxc8 Rxc8 31. Rxa7 Kg8 32. Ne3 d4 33. Nd5 Rd8 34. c4
Bf8 35. f6 Bd6 36. Re1 Rf8 37. Kg2 g4 38. Bh6 Rb8 39. b3 Nf8 40. Ne7+ Kh7 41.
Rh1 Bxe7 42. fxe7 Ng6 43. Bf4+ Kg7 44. Bxb8 Nxe7 45. Rxe7 Kg6 46. Be5 Kf5 47.
Rxf7+ Ke6 48. Rf6+ Kxe5 49. Rhf1 g3 50. R1f5# 1-0

[Event "PNWCC Masters WOO 2020"]
[Site "chess.com INT"]
[Date "2020.07.05"]
[Round "4.22"]
[White "Chabris, Christopher"]
[Black "Ter-Sahakyan, Samvel"]
[Result "0-1"]
[BlackTitle "GM"]
[WhiteElo "2125"]
[BlackElo "2640"]
[WhiteFideId "2005263"]
[BlackFideId "13302531"]
[EventDate "2020.07.04"]

1. e4 c6 2. d4 d5 3. e5 Bf5 4. Nf3 e6 5. Be2 Ne7 6. O-O Ng6 7. Be3 Nd7 8. Nbd2
Be7 9. Ne1 Ngf8 10. Bd3 h5 11. Nb3 Rc8 12. f4 g6 13. a4 c5 14. dxc5 Nxc5 15.
Bb5+ Nfd7 16. Nxc5 Bxc5 17. Bxc5 Rxc5 18. c3 a6 19. Bxd7+ Qxd7 20. Nf3 Bg4 21.
Qd3 Bxf3 22. Rxf3 Qc6 23. b4 Rc4 24. b5 Qc5+ 25. Kh1 a5 26. g3 Kd7 27. Kg2 Rc8
28. Rc1 Rxa4 29. h3 Ra2+ 30. Kh1 Qc4 31. Qe3 Qe2 32. Qxe2 Rxe2 33. b6 Rc4 34. g4
hxg4 35. hxg4 Kc6 36. f5 gxf5 37. gxf5 Rxe5 38. fxe6 fxe6 39. Kg2 Rg5+ 40. Kf2
Rf5 41. Rxf5 exf5 42. Ke3 Kxb6 43. Kd3 a4 0-1

[Event "PNWCC Masters WOO 2020"]
[Site "chess.com INT"]
[Date "2020.07.05"]
[Round "4.23"]
[White "Mcconnell, Sullivan"]
[Black "Bosiocic, Marin"]
[Result "0-1"]
[BlackTitle "GM"]
[WhiteElo "1895"]
[BlackElo "2625"]
[WhiteFideId "30934885"]
[BlackFideId "14507927"]
[EventDate "2020.07.04"]

1. e4 d6 2. d4 Nf6 3. Nc3 e5 4. dxe5 dxe5 5. Qxd8+ Kxd8 6. Bc4 Ke8 7. f3 c6 8.
Be3 Nbd7 9. a4 a5 10. Kf2 Bc5 11. h4 Bxe3+ 12. Kxe3 Nb6 13. Bb3 Nfd7 14. Nh3 Nc5
15. Ba2 f6 16. b3 Be6 17. Nf2 Ke7 18. Rhb1 Rhd8 19. b4 Bxa2 20. Rxa2 Nc4+ 21.
Ke2 Ne6 22. bxa5 Nf4+ 23. Ke1 Nxg2+ 24. Kf1 Nge3+ 25. Kg1 Nxa5 26. Ncd1 Nec4 27.
Kg2 Rd2 28. Kg3 Rad8 29. Nc3 Ne3 30. Rbb2 R8d4 31. Nb1 Rxf2 32. Kxf2 Nd1+ 33.
Ke2 Nxb2 34. Rxb2 Rxa4 35. Nc3 Ra3 36. Nd1 b5 37. Rb4 Nc4 38. Rb3 Ra1 39. Rd3
Rc1 40. Rc3 h5 41. Nf2 Kd6 42. Nd1 Kc7 43. Nf2 Kb6 44. Nd1 g5 45. hxg5 fxg5 46.
Nf2 h4 47. Nh3 b4 48. Rxc4 Kb5 49. Kd3 Rd1+ 50. Ke2 Rh1 51. Rxb4+ Kxb4 52. Nxg5
h3 0-1

[Event "PNWCC Masters WOO 2020"]
[Site "chess.com INT"]
[Date "2020.07.05"]
[Round "4.24"]
[White "Lintchevski, Daniil"]
[Black "Leschinsky, Gary"]
[Result "1-0"]
[WhiteTitle "GM"]
[WhiteElo "2559"]
[BlackElo "1888"]
[WhiteFideId "4171055"]
[BlackFideId "30951321"]
[EventDate "2020.07.04"]

1. e4 c6 2. d4 d5 3. exd5 cxd5 4. Bd3 Nc6 5. c3 Nf6 6. Bf4 Bg4 7. Qb3 Qc8 8. Nd2
e6 9. Ngf3 Be7 10. O-O Bh5 11. Ne5 Nxe5 12. Bxe5 O-O 13. a4 Bg6 14. Be2 Nd7 15.
Bg3 a6 16. a5 Qc6 17. Rfc1 Bd6 18. c4 Bxg3 19. hxg3 Nf6 20. c5 Nd7 21. Qa4 Nb8
22. b4 Qxa4 23. Rxa4 Nc6 24. b5 axb5 25. Bxb5 f6 26. a6 Rfb8 27. axb7 Rxa4 28.
Bxa4 Be8 29. Rb1 Kf7 30. Bxc6 Bxc6 31. Rb6 Be8 32. Nb3 Ke7 33. Na5 Kd7 34. Rd6+ 1-0

[Event "PNWCC Masters WOO 2020"]
[Site "chess.com INT"]
[Date "2020.07.05"]
[Round "4.26"]
[White "Yang, Kaiqi"]
[Black "Kondakov, Adrian"]
[Result "1-0"]
[WhiteTitle "GM"]
[BlackTitle "CM"]
[WhiteElo "2481"]
[BlackElo "1986"]
[WhiteFideId "8604398"]
[BlackFideId "30920302"]
[EventDate "2020.07.04"]

1. c4 Nf6 2. Nf3 g6 3. Nc3 Bg7 4. e4 d6 5. d4 O-O 6. Be2 e5 7. O-O Nc6 8. d5 Ne7
9. b4 a5 10. Ba3 axb4 11. Bxb4 b6 12. a4 Nd7 13. a5 bxa5 14. Bxa5 Ba6 15. Qc2
Nc5 16. Bb4 Nc8 17. Ra5 Nb7 18. Ra2 c5 19. dxc6 Nc5 20. Bxc5 dxc5 21. Rfa1 Qb6
22. Ra5 Qxc6 23. Qa4 Qb6 24. Rxa6 Rxa6 25. Qxa6 Qb2 26. Qa3 Qc2 27. Rc1 1-0

[Event "PNWCC Masters WOO 2020"]
[Site "chess.com INT"]
[Date "2020.07.05"]
[Round "4.27"]
[White "Matinian, Nikita"]
[Black "Singh, Hersh"]
[Result "1-0"]
[WhiteTitle "GM"]
[WhiteElo "2475"]
[BlackElo "1906"]
[WhiteFideId "24129100"]
[BlackFideId "30918804"]
[EventDate "2020.07.04"]

1. e4 e5 2. Nf3 Nc6 3. Bb5 a6 4. Ba4 Nf6 5. d3 d6 6. c4 g6 7. Nc3 Bg7 8. Nd5 Nd7
9. b4 O-O 10. h4 Nf6 11. Bg5 Bg4 12. h5 Bxh5 13. Rh4 h6 14. Bxf6 Bxf6 15. Rxh5
gxh5 16. Bxc6 bxc6 17. Ne3 Bg7 18. g3 a5 19. b5 cxb5 20. cxb5 Qd7 21. Nh4 Qxb5
22. Nef5 Qd7 23. Qxh5 Qe6 24. Ke2 Rab8 25. Rh1 Rb2+ 26. Kf3 Qf6 27. Ng2 Re8 28.
Ne3 Qg6 29. Nxg7 Kxg7 30. Nf5+ Kf8 31. Qh4 h5 32. Kg2 f6 33. Rc1 Rb7 34. Rc6 Qg5
35. Qh1 Reb8 36. Qd1 Rd8 37. Qc2 Rd7 38. Ra6 Rd8 39. Qc6 Rdb8 40. Ra8 Qg6 41.
Qxb7 Rxa8 42. Qxa8+ Qe8 43. Qxa5 Qd7 44. Qa8+ Kf7 45. Qh8 Ke6 46. Qxh5 d5 47.
Qg4 dxe4 48. Ne3+ Kd6 49. Qxd7+ Kxd7 50. dxe4 Kc6 51. g4 Kb5 52. Nd5 c5 53. Nxf6
Kc4 54. Nd5 Kd3 55. Kf3 c4 56. g5 c3 57. g6 c2 58. Nb4+ Kc3 59. Nxc2 Kxc2 60. g7
Kb2 61. g8=Q 1-0

[Event "PNWCC Masters WOO 2020"]
[Site "chess.com INT"]
[Date "2020.07.05"]
[Round "4.28"]
[White "Li, Ben"]
[Black "Jiang, Brandon"]
[Result "1-0"]
[WhiteTitle "IM"]
[WhiteElo "2376"]
[BlackElo "1954"]
[WhiteFideId "2089980"]
[BlackFideId "30943582"]
[EventDate "2020.07.04"]

1. d4 f5 2. Nc3 Nf6 3. Nf3 e6 4. Bg5 Be7 5. Bxf6 Bxf6 6. e4 fxe4 7. Nxe4 O-O 8.
Bd3 Nc6 9. c3 d6 10. Qc2 h6 11. O-O-O e5 12. d5 Ne7 13. h3 Nf5 14. g3 Be7 15.
Qe2 Kh8 16. Bc2 Kg8 17. Kb1 a5 18. h4 b5 19. Rdg1 b4 20. g4 Nxh4 21. Nxh4 Bxh4
22. g5 hxg5 23. Nxg5 Bxg5 24. Qh5 Rxf2 25. Rxg5 Qf6 26. Qe8+ Qf8 1-0

[Event "PNWCC Masters WOO 2020"]
[Site "chess.com INT"]
[Date "2020.07.05"]
[Round "4.29"]
[White "Markzon, Gregory"]
[Black "Zhao, Ian"]
[Result "1/2-1/2"]
[WhiteTitle "FM"]
[BlackTitle "FM"]
[WhiteElo "2069"]
[BlackElo "2380"]
[WhiteFideId "2003694"]
[BlackFideId "2620740"]
[EventDate "2020.07.04"]

1. d4 Nf6 2. c4 e6 3. Nc3 Bb4 4. e3 d5 5. a3 Bxc3+ 6. bxc3 O-O 7. cxd5 exd5 8.
Bd3 Re8 9. Ne2 c5 10. O-O Nc6 11. Ng3 b6 12. f3 Bb7 13. Ra2 Qc7 14. Re2 Rad8 15.
Bb1 Ba6 16. Bd3 Bxd3 17. Qxd3 Qd7 18. Bb2 b5 19. Rd1 c4 20. Qc2 a5 21. Qd2 Rb8
22. e4 h6 23. e5 Nh7 24. f4 f5 25. Qc2 g6 26. Nf1 Nf8 27. Ne3 Ne6 28. Rf2 b4 29.
g4 Ng7 30. Rg2 Kh7 31. gxf5 Nxf5 32. Ng4 b3 33. Nf6+ Kg7 34. Qe2 Qe6 35. Nxe8+
Rxe8 36. a4 Kh7 37. Kh1 Rg8 38. Ba3 Nce7 39. Rdg1 1/2-1/2

[Event "PNWCC Masters WOO 2020"]
[Site "chess.com INT"]
[Date "2020.07.05"]
[Round "4.30"]
[White "Kumar, Naman"]
[Black "Nandhidhaa, P V"]
[Result "1/2-1/2"]
[BlackTitle "WGM"]
[WhiteElo "2115"]
[BlackElo "2365"]
[WhiteFideId "30908922"]
[BlackFideId "5050847"]
[EventDate "2020.07.04"]

1. e4 c5 2. Nf3 e6 3. d4 cxd4 4. Nxd4 a6 5. c4 Nf6 6. Nc3 Qc7 7. a3 b6 8. Be2
Bb7 9. f3 Be7 10. Be3 d6 11. O-O Nbd7 12. Qd2 O-O 13. Rfc1 Rac8 14. b4 Qb8 15.
Nb3 Rfe8 16. Na4 Bd8 17. Bf4 Bc7 18. c5 dxc5 19. Bxc7 Rxc7 20. bxc5 Nxc5 21.
Naxc5 bxc5 22. Rxc5 Bxe4 23. Rxc7 Qxc7 24. fxe4 Qb6+ 25. Qd4 Qxb3 26. e5 Nd5 27.
Bxa6 Ra8 28. Bc4 Qe3+ 29. Qxe3 Nxe3 30. Be2 Nc2 31. Ra2 Nxa3 32. Bf3 Ra5 33. Kf2
g6 34. h4 Kf8 35. g4 h6 36. Kg3 Ke7 37. Kf4 Kd8 38. Rd2+ Kc7 39. Be4 Ra4 40. Ra2
Kb6 41. Rb2+ Nb5 42. Ke3 Kc5 43. Rc2+ Rc4 44. Rxc4+ Kxc4 45. Bc6 Nc7 46. Ke4 Kc5
47. Ba4 Nb5 48. Bc2 Nc3+ 49. Kd3 Nd5 50. Ke4 Nb6 51. Bb3 Kb4 52. Bc2 Kc3 53. Bd3
Nc4 54. Be2 g5 55. hxg5 hxg5 56. Bd1 Nd2+ 57. Ke3 Nb3 58. Bf3 Nd4 59. Bb7 Kc4
60. Bg2 Nc2+ 61. Ke4 Nb4 62. Bf1+ Kc5 63. Bg2 Nc6 64. Bf1 Nb4 65. Be2 Nd5 66.
Ba6 Nc3+ 67. Kd3 Nb5 68. Ke4 Kc6 69. Kd3 Kb6 70. Bc8 Kc7 71. Ba6 Kc6 72. Ke4
Nc3+ 73. Kd4 Na4 74. Bd3 Nc5 75. Bh7 Nb7 76. Bg8 Nd8 77. Bh7 Kd7 78. Bd3 Nc6+
79. Ke4 Nb4 80. Bb5+ Ke7 81. Kd4 f6 82. exf6+ Kxf6 83. Bc4 Nc6+ 84. Ke4 Ne5 85.
Be2 Ng6 86. Bd1 Nh8 87. Be2 Nf7 88. Bd1 Nd6+ 89. Kd4 Nb5+ 90. Kc4 Nc7 91. Kd4
e5+ 92. Ke4 Nb5 93. Bc2 Nc3+ 94. Kd3 Nd5 95. Ke4 Nf4 96. Bd1 Ne6 97. Bc2 Nd4 98.
Bd1 Ke6 99. Ba4 Kd6 100. Bd1 Ke6 101. Ba4 Ne2 102. Ke3 Nc3 103. Bb3+ Kd6 104.
Kd3 Nb1 105. Bc2 Na3 106. Ba4 Kc5 107. Ke4 Nc4 108. Kf5 Kd4 109. Bc6 Ne3+ 110.
Kxg5 Nxg4 111. Kxg4 e4 112. Bxe4 1/2-1/2